<?xml version="1.0" encoding="UTF-8"?>
<record
    xmlns:xsi="http://www.w3.org/2001/XMLSchema-instance"
    xsi:schemaLocation="http://www.loc.gov/MARC21/slim http://www.loc.gov/standards/marcxml/schema/MARC21slim.xsd"
    xmlns="http://www.loc.gov/MARC21/slim">

  <leader>01746nam a2200373Ia 4500</leader>
  <controlfield tag="005">20230718215702.0</controlfield>
  <controlfield tag="008">160825s2007    ck a   g      000 0 spa  </controlfield>
  <datafield tag="020" ind1=" " ind2=" ">
    <subfield code="a">9789583001697</subfield>
  </datafield>
  <datafield tag="040" ind1=" " ind2=" ">
    <subfield code="a">CO-BoRNBP</subfield>
    <subfield code="b">spa</subfield>
    <subfield code="e">rda</subfield>
    <subfield code="c">CO-BoRNBP</subfield>
  </datafield>
  <datafield tag="084" ind1=" " ind2=" ">
    <subfield code="a">C ESO1</subfield>
  </datafield>
  <datafield tag="100" ind1="1" ind2=" ">
    <subfield code="a">Esopo</subfield>
    <subfield code="d">620 a.C.-560 a.C.</subfield>
    <subfield code="9">2739</subfield>
  </datafield>
  <datafield tag="245" ind1="1" ind2="0">
    <subfield code="a">F&#xE1;bulas</subfield>
    <subfield code="c">Esopo, Iriarte y Samaniego ; ilustraciones Angela M. Ram&#xED;rez Franco y Enrique Samper Vargas</subfield>
  </datafield>
  <datafield tag="250" ind1=" " ind2=" ">
    <subfield code="a">1a. edici&#xF3;n </subfield>
    <subfield code="b">13a. reimpresi&#xF3;n </subfield>
  </datafield>
  <datafield tag="264" ind1=" " ind2=" ">
    <subfield code="a">Bogot&#xE1;</subfield>
    <subfield code="b">Panamericana</subfield>
    <subfield code="c">2007</subfield>
  </datafield>
  <datafield tag="300" ind1=" " ind2=" ">
    <subfield code="a">258 p&#xE1;ginas </subfield>
    <subfield code="b">ilustraciones en color </subfield>
    <subfield code="c">21 cm </subfield>
  </datafield>
  <datafield tag="336" ind1=" " ind2=" ">
    <subfield code="a">texto</subfield>
    <subfield code="b">txt</subfield>
    <subfield code="2">rdacontent</subfield>
  </datafield>
  <datafield tag="337" ind1=" " ind2=" ">
    <subfield code="a">sin mediaci&#xF3;n</subfield>
    <subfield code="b">n</subfield>
    <subfield code="2">rdamedia</subfield>
  </datafield>
  <datafield tag="338" ind1=" " ind2=" ">
    <subfield code="a">volumen</subfield>
    <subfield code="b">nc</subfield>
    <subfield code="2">rdacarrier</subfield>
  </datafield>
  <datafield tag="490" ind1=" " ind2=" ">
    <subfield code="a">Corcel</subfield>
  </datafield>
  <datafield tag="505" ind1=" " ind2=" ">
    <subfield code="a">El pastorcito mentiroso -- El cascabel y el gato -- Las ranas y su rey -- El molinero y su asno -- La alondra y sus polluelos -- La ardilla y el le&#xF3;n -- El toro y el rat&#xF3;n -- El grajo vano -- La zorra y el busto -- La zorra y la cig&#xFC;e&#xF1;a -- El asno y el lobo</subfield>
  </datafield>
  <datafield tag="521" ind1=" " ind2=" ">
    <subfield code="a">Recomendado para ni&#xF1;os a partir de 5 a&#xF1;os</subfield>
  </datafield>
  <datafield tag="600" ind1="1" ind2="4">
    <subfield code="a">Esopo</subfield>
    <subfield code="d">620-560 a.c</subfield>
    <subfield code="x">Colecciones de escritos</subfield>
    <subfield code="9">2740</subfield>
  </datafield>
  <datafield tag="600" ind1="1" ind2="4">
    <subfield code="a">Iriarte, Tom&#xE1;s de</subfield>
    <subfield code="d">1750-1791</subfield>
    <subfield code="v">Colecciones de escritos</subfield>
    <subfield code="9">2741</subfield>
  </datafield>
  <datafield tag="600" ind1="1" ind2="4">
    <subfield code="a">Samaniego, F&#xE9;lix Mar&#xED;a </subfield>
    <subfield code="d">1745-1801</subfield>
    <subfield code="v">Colecciones de escritos</subfield>
    <subfield code="9">2742</subfield>
  </datafield>
  <datafield tag="650" ind1="1" ind2="4">
    <subfield code="2">LEMB</subfield>
    <subfield code="a">Cuentos infantiles</subfield>
    <subfield code="9">2743</subfield>
  </datafield>
  <datafield tag="650" ind1="1" ind2="4">
    <subfield code="2">LEMB </subfield>
    <subfield code="a">F&#xE1;bulas infantiles griegas</subfield>
    <subfield code="9">2744</subfield>
  </datafield>
  <datafield tag="650" ind1="1" ind2="4">
    <subfield code="2">LEMB </subfield>
    <subfield code="a">F&#xE1;bulas infantiles espa&#xF1;olas</subfield>
    <subfield code="9">2745</subfield>
  </datafield>
  <datafield tag="650" ind1="1" ind2="4">
    <subfield code="2">LEMB </subfield>
    <subfield code="a">Literatura infantil</subfield>
    <subfield code="9">2746</subfield>
  </datafield>
  <datafield tag="650" ind1="1" ind2="4">
    <subfield code="2">LEMB </subfield>
    <subfield code="a">Animales en la literatura</subfield>
    <subfield code="9">853</subfield>
  </datafield>
  <datafield tag="700" ind1="1" ind2=" ">
    <subfield code="a">Ram&#xED;rez Franco, &#xC1;ngela Mar&#xED;a</subfield>
    <subfield code="e">ilustrador</subfield>
    <subfield code="9">2747</subfield>
  </datafield>
  <datafield tag="700" ind1="1" ind2=" ">
    <subfield code="a">Samper Vargas, Enrique</subfield>
    <subfield code="e">ilustrador</subfield>
    <subfield code="9">2748</subfield>
  </datafield>
  <datafield tag="700" ind1="1" ind2=" ">
    <subfield code="a">Silva Rinc&#xF3;n, Gabriel</subfield>
    <subfield code="d">1955-</subfield>
    <subfield code="e">editor</subfield>
    <subfield code="9">2749</subfield>
  </datafield>
  <datafield tag="942" ind1=" " ind2=" ">
    <subfield code="2">loc</subfield>
    <subfield code="c">BKINF</subfield>
  </datafield>
  <datafield tag="999" ind1=" " ind2=" ">
    <subfield code="c">5715</subfield>
    <subfield code="d">5715</subfield>
  </datafield>
  <datafield tag="952" ind1=" " ind2=" ">
    <subfield code="0">0</subfield>
    <subfield code="1">0</subfield>
    <subfield code="2">ddc</subfield>
    <subfield code="4">0</subfield>
    <subfield code="7">0</subfield>
    <subfield code="8">GEN</subfield>
    <subfield code="a">MESGUARO</subfield>
    <subfield code="b">MESGUARO</subfield>
    <subfield code="c">SInf</subfield>
    <subfield code="d">2023-02-27</subfield>
    <subfield code="l">0</subfield>
    <subfield code="o">C ESO1</subfield>
    <subfield code="p">SG00209</subfield>
    <subfield code="r">2023-02-27 00:00:00</subfield>
    <subfield code="t">Ej.1</subfield>
    <subfield code="w">2023-02-27</subfield>
    <subfield code="y">BKINF</subfield>
  </datafield>
  <datafield tag="952" ind1=" " ind2=" ">
    <subfield code="0">0</subfield>
    <subfield code="1">0</subfield>
    <subfield code="2">ddc</subfield>
    <subfield code="4">0</subfield>
    <subfield code="7">0</subfield>
    <subfield code="8">INF</subfield>
    <subfield code="a">MECUBARR</subfield>
    <subfield code="b">MECUBARR</subfield>
    <subfield code="c">SInf</subfield>
    <subfield code="d">2023-07-18</subfield>
    <subfield code="l">0</subfield>
    <subfield code="o">C ESO1</subfield>
    <subfield code="p">CUB00283</subfield>
    <subfield code="r">2023-07-18 21:58:35</subfield>
    <subfield code="t">Ej.1</subfield>
    <subfield code="w">2023-07-18</subfield>
    <subfield code="y">BKINF</subfield>
  </datafield>
  <datafield tag="952" ind1=" " ind2=" ">
    <subfield code="0">0</subfield>
    <subfield code="1">0</subfield>
    <subfield code="2">ddc</subfield>
    <subfield code="4">0</subfield>
    <subfield code="7">0</subfield>
    <subfield code="8">INF</subfield>
    <subfield code="a">MEDORADO</subfield>
    <subfield code="b">MEDORADO</subfield>
    <subfield code="c">SInf</subfield>
    <subfield code="d">2023-10-27</subfield>
    <subfield code="l">0</subfield>
    <subfield code="o">C ESO1</subfield>
    <subfield code="p">DOR03132</subfield>
    <subfield code="r">2023-10-27 16:06:26</subfield>
    <subfield code="t">Ej.1</subfield>
    <subfield code="w">2023-10-27</subfield>
    <subfield code="y">BKINF</subfield>
  </datafield>
  <datafield tag="952" ind1=" " ind2=" ">
    <subfield code="0">0</subfield>
    <subfield code="1">0</subfield>
    <subfield code="2">ddc</subfield>
    <subfield code="4">0</subfield>
    <subfield code="7">0</subfield>
    <subfield code="8">INF</subfield>
    <subfield code="a">MESJUANI</subfield>
    <subfield code="b">MESJUANI</subfield>
    <subfield code="c">SInf</subfield>
    <subfield code="d">2024-06-18</subfield>
    <subfield code="l">0</subfield>
    <subfield code="o">P ES01</subfield>
    <subfield code="p">SJU00846</subfield>
    <subfield code="r">2024-06-18 15:48:24</subfield>
    <subfield code="t">Ej.1</subfield>
    <subfield code="w">2024-06-18</subfield>
    <subfield code="y">BKINF</subfield>
  </datafield>
  <datafield tag="952" ind1=" " ind2=" ">
    <subfield code="0">0</subfield>
    <subfield code="1">0</subfield>
    <subfield code="2">ddc</subfield>
    <subfield code="4">0</subfield>
    <subfield code="7">0</subfield>
    <subfield code="8">GEN</subfield>
    <subfield code="a">MESMARTI</subfield>
    <subfield code="b">MESMARTI</subfield>
    <subfield code="c">SInf</subfield>
    <subfield code="d">2024-07-05</subfield>
    <subfield code="l">0</subfield>
    <subfield code="o">C ESO1</subfield>
    <subfield code="p">SM02952</subfield>
    <subfield code="r">2024-07-05 15:34:19</subfield>
    <subfield code="t">Ej.1</subfield>
    <subfield code="w">2024-07-05</subfield>
    <subfield code="y">BKINF</subfield>
  </datafield>
  <datafield tag="952" ind1=" " ind2=" ">
    <subfield code="0">0</subfield>
    <subfield code="1">0</subfield>
    <subfield code="2">ddc</subfield>
    <subfield code="4">0</subfield>
    <subfield code="7">0</subfield>
    <subfield code="8">INF</subfield>
    <subfield code="a">MEGUAMAL</subfield>
    <subfield code="b">MEGUAMAL</subfield>
    <subfield code="c">SInf</subfield>
    <subfield code="d">2024-08-05</subfield>
    <subfield code="l">0</subfield>
    <subfield code="o">C ESO1</subfield>
    <subfield code="p">GUA004037</subfield>
    <subfield code="r">2024-08-05 11:20:26</subfield>
    <subfield code="t">Ej.1</subfield>
    <subfield code="w">2024-08-05</subfield>
    <subfield code="y">BKINF</subfield>
  </datafield>
  <datafield tag="952" ind1=" " ind2=" ">
    <subfield code="0">0</subfield>
    <subfield code="1">0</subfield>
    <subfield code="4">0</subfield>
    <subfield code="7">0</subfield>
    <subfield code="8">001</subfield>
    <subfield code="a">MEVIGERR</subfield>
    <subfield code="b">MEVIGERR</subfield>
    <subfield code="c">GEN</subfield>
    <subfield code="d">2004-08-04</subfield>
    <subfield code="h">Vol.1</subfield>
    <subfield code="o">C ESO1</subfield>
    <subfield code="p">ECA15720</subfield>
    <subfield code="r">2024-11-26 08:56:05</subfield>
    <subfield code="t">Ej.1</subfield>
    <subfield code="w">2024-11-26</subfield>
    <subfield code="y">BK</subfield>
    <subfield code="z">553 | 697</subfield>
  </datafield>
  <datafield tag="952" ind1=" " ind2=" ">
    <subfield code="0">0</subfield>
    <subfield code="1">0</subfield>
    <subfield code="2">ddc</subfield>
    <subfield code="4">0</subfield>
    <subfield code="7">0</subfield>
    <subfield code="a">MEFTEORO</subfield>
    <subfield code="b">MEFTEORO</subfield>
    <subfield code="c">SInf</subfield>
    <subfield code="d">2025-04-05</subfield>
    <subfield code="l">0</subfield>
    <subfield code="o">C ESO1</subfield>
    <subfield code="p">Fo00002178</subfield>
    <subfield code="r">2025-04-05 11:03:23</subfield>
    <subfield code="t">Ej.1</subfield>
    <subfield code="w">2025-04-05</subfield>
    <subfield code="y">BKINF</subfield>
  </datafield>
</record>
